| 000 | 01310cam a2200361 4500 | ||
|---|---|---|---|
| 001 | |||
| 008 | 030317n1992 000 0 eng u | ||
| 020 | _a0117523143 | ||
| 035 | _a(Sirsi) u121632 | ||
| 050 |
_a692.2 _c18 |
||
| 110 |
_aDepartment for Environment, Transport and the Regions _94203 |
||
| 240 | _aApproved Document C | ||
| 240 | _aPart C | ||
| 245 | 4 | _aThe Building Regulations 1991 : Approved Document C | |
| 250 | _a1992 ed. | ||
| 260 |
_aLondon _bTSO _c1992 |
||
| 505 | _aC1 : preparation of site | ||
| 505 | _aC2 : dangerous and offensive substances | ||
| 505 | _aC3 : subsoil drainage | ||
| 505 | _aC4 : resistance to weather and ground moisture | ||
| 520 | _aComing into effect 1 June 1992. View at www.safety.odpm.gov.uk. Not found when searched for online 28/11/11 | ||
| 650 | _aBUILDING REGULATIONS 1991 | ||
| 650 | _aBUILDING REGULATIONS 1991 APPROVED DOCUMENT C (1992 EDITION) | ||
| 650 | _aDIRECTIVE 89/106/EEC | ||
| 650 | _aDRAINAGE | ||
| 650 | _aSITE INVESTIGATION | ||
| 650 | _aSITE PREPARATION | ||
| 650 | _aWATERPROOFING | ||
| 690 | _aBUILT ENVIRONMENT-BUILDING STANDARDS | ||
| 710 |
_aUnited Kingdom _bWelsh Office _91214 |
||
| 856 |
_uhttps://www.safety.odpm.gov.uk/bregs/brad04.htm _vView the Approved Document on the ODPM website... |
||
| 942 | _n0 | ||
| 999 |
_c102685 _d102685 |
||